| 000 | 00418nam a2200181Ia 4500 | ||
|---|---|---|---|
| 008 | 170918s9999 xx 000 0 und d | ||
| 020 | _a333168798 | ||
| 050 | _bH272tr 1974 | ||
| 100 | _aHardy, Thomas | ||
| 245 | 4 | _aThe trumpet-major / | |
| 245 | _cby Thomas Hardy. | ||
| 260 | _aLondon : | ||
| 260 | _bMacmillan, | ||
| 260 | _c1974 | ||
| 300 | _a363 pages : | ||
| 300 | _billustrations ; | ||
| 300 | _c18cm. | ||
| 999 |
_c343502 _d343502 |
||